00864cam a22002411 450000100060000000300080000600500170001400800420003103500190007303500190009204000300011104100080014108200200014910000290016924500730019826000740027130000260034550000760037165000250044765000480047285600510052085600510057132124BD-RjUL20211209051806.0140423s1921 enk 000 0 eng  a(BD-RjUL)32213 a(OCoLC)2703739 aDLCcOdDLCdBD-RjULbeng aeng a294.3bCAG 19211 aCarus, Paul,d1852-1919.14aThe gospel of Buddha according to old records /ctold by Paul Carus. aChicago :bThe Open court publishing company,c1894. [Printing 1921]. axvi, 275 p. ;c21 cm. a"Table of reference" (p. [233]-241) gives "sources" and "parallelisms." 0aBuddha and Buddhism. 0aChristianity and other religionsxBuddhism.41uhttp://hdl.loc.gov/loc.gdc/scd0001.0010922790041uhttp://hdl.loc.gov/loc.gdc/scd0001.00295576194